| 000 | 00706nam a2200253 a 4500 | ||
|---|---|---|---|
| 001 | 000020715 | ||
| 003 | DO-SdBNP | ||
| 005 | 20170922121854.0 | ||
| 007 | 000020715 | ||
| 008 | 090915s1998 dr 001 0 spa d | ||
| 040 |
_aBPMSU _bspa _cBPMSU |
||
| 082 |
_a158.1 _bT693e |
||
| 100 | 1 | _aTorres, Ana R. | |
| 245 | 1 | 0 | _aEspacios /. |
| 260 |
_aSanto Domingo, : _bMetropolitana, _c1998. |
||
| 300 |
_a69 p. ; _c20 cm. |
||
| 650 | 4 | _aAUTORREALIZACIÓN (PSICOLOGÍA) | |
| 650 | 4 | _aVIDA ESPIRITUAL | |
| 942 |
_2ddc _cBK |
||
| 945 | _aInventariado, 2017/MFF | ||
| 956 |
_aVMATEO _b10 _c20100813 _lBND01 _h1009 |
||
| 956 |
_aBTAVAREZ _b10 _c20110207 _lBND01 _h1446 |
||
| 956 |
_aVMATEO _b10 _c20151002 _lBPMSU _h00151 |
||
| 999 |
_c7317 _d7317 |
||